[Event "Torquay Morning Boniface op"]
[Site "Torquay"]
[Date "2019.09.02"]
[Round "1"]
[White "Dean, Steve K"]
[Black "Sanders, Robert R"]
[Result "1/2-1/2"]
[WhiteElo "1835"]
[BlackElo "1937"]
[PlyCount "68"]
[EventDate "2019.09.02"]
[EventType "swiss"]
[EventRounds "5"]
[EventCountry "ENG"]
[SourceTitle "CBM 195 Extra"]
[Source "ChessBase"]
[SourceDate "2020.05.31"]
[SourceVersion "1"]
[SourceVersionDate "2020.05.31"]
[SourceQuality "1"]

1. d4 d5 2. Bf4 Nf6 3. e3 e6 4. Nd2 b6 5. c3 Bb7 6. Bd3 Bd6 7. Bg3 0-0 8. Ngf3 Nbd7 9. Ne5 Ne4 10. Nxd7 Qxd7 11. Bxd6 Qxd6 12. f3 Nxd2 13. Qxd2 e5 14. 0-0 Rfe8 15. Rae1 Re7 16. f4 exd4 17. exd4 Rae8 18. g3 Bc8 19. Rxe7 Qxe7 20. Kf2 Kf8 21. Re1 Qxe1+ 22. Qxe1 Rxe1 23. Kxe1 Ke7 24. Kf2 Kf6 25. Ke3 Bh3 26. b4 h5 27. Ba6 Ke7 28. Bb7 Kd6 29. Ba6 Bf5 30. Be2 g6 31. a3 c5 32. Bd1 cxb4 33. cxb4 a5 34. h4 axb4 1/2-1/2

[Event "Paignton Morning Boniface op"]
[Site "Torquay"]
[Date "2018.09.03"]
[Round "1"]
[White "Sanders, Robert R"]
[Black "O Gorman, Brendan"]
[Result "1-0"]
[WhiteElo "1937"]
[BlackElo "1736"]
[PlyCount "117"]
[EventDate "2018.09.03"]
[EventType "swiss"]
[EventRounds "5"]
[EventCountry "ENG"]
[SourceTitle "EXT 2021"]
[Source "ChessBase"]
[SourceDate "2020.10.23"]
[SourceVersion "1"]
[SourceVersionDate "2020.10.23"]
[SourceQuality "1"]

1. e4 c5 2. Nf3 a6 3. c3 e6 4. d4 d5 5. exd5 exd5 6. Be2 Bd6 7. dxc5 Bxc5 8. 0-0 Ne7 9. Nbd2 0-0 10. Nb3 Ba7 11. Nbd4 Nbc6 12. Be3 Nf5 13. Nxf5 Bxf5 14. Bxa7 Rxa7 15. Qd2 Re8 16. Rad1 Ra8 17. Rfe1 Be4 18. Nd4 Qb6 19. b3 Rac8 20. Bg4 Rcd8 21. f3 Bg6 22. Kf1 Ne5 23. Bf5 Bxf5 24. Nxf5 Qf6 25. Ne3 Qh4 26. Kg1 Qg5 27. Qf2 Qg6 28. Ng4 Nd3 29. Rxe8+ Rxe8 30. Qd2 h5 31. Qxd3 Re1+ 32. Kf2 Rxd1 33. Qxd1 hxg4 34. fxg4 Qf6+ 35. Qf3 Qg5 36. Kg3 Qd2 37. h3 b5 38. Kh2 d4 39. Qa8+ Kh7 40. Qe4+ Kg8 41. cxd4 Qxa2 42. Qe8+ Kh7 43. Qxf7 Qb2 44. Qd5 b4 45. h4 Qf2 46. Qe4+ Kh8 47. g5 a5 48. d5 Qc5 49. Qe6 Qd4 50. g3 Qf2+ 51. Kh3 Qf1+ 52. Kg4 Qd1+ 53. Kf5 Qd3+ 54. Kg4 Qd1+ 55. Kf4 Qf1+ 56. Ke5 Qe1+ 57. Kd4 Qc3+ 58. Ke4 Qe1+ 59. Kf3 1-0